000 00738nam a2200253 i 4500
001 112345
003 ES-MaACL
005 20250824012559.0
007 t|
008 061121s1958 sp |||| | spa d
040 _cES-MaACL
080 _a792
100 1 _aOrtega y Gasset, José,
_d1883-1955
_987503
_eaut
245 1 0 _aIdea del teatro :
_bconferencias /
_cJosé Ortega y Gasset.
260 _aMadrid :
_bRevista de Occidente,
_c1958.
300 _a101 páginas ;
_c21 cm.
490 1 _aObras inéditas
650 7 _aTeatro
_2embne
_917290
830 1 _aObras inéditas
_9185705
852 _aES-MaACL
_cDEPOF
_j1916-F-2
942 _cFOLLETOS
_n0
999 _c112345
_d112345